| 000 | 00735nam a2200229 u 4500 | ||
|---|---|---|---|
| 005 | 20250619063850.0 | ||
| 008 | 161018s2000 mx r 000 0 spa d | ||
| 020 | _a9685224161 | ||
| 035 | _aUPN01000213996 | ||
| 049 | _aCG | ||
| 050 | 4 |
_aML3534.6 M6 _bE8.7a |
|
| 100 | 1 |
_aEstrada, Tere _939953 |
|
| 245 | 1 | 0 |
_aSirenas al ataque : _bhistoria de las mujeres rockeras mexicanas (1956-2000) / _cTere Estrada. |
| 260 |
_aMéxico : _bInstituto Mexicano de la Juventud, _c2000. |
||
| 300 |
_a384 p. : _bil. |
||
| 440 | 0 |
_aJoven ; _v7 |
|
| 650 | 4 |
_aMúsica rock _zMéxico _xHistoria y crítica _94432 |
|
| 650 | 4 |
_aMUJERES MUSICOS _97171 |
|
| 650 | 4 |
_aMúsica _zMéxico _xHistoria y crítica _919786 |
|
| 905 | _aLibro | ||
| 999 |
_c186096 _d186096 |
||